Restructuring and managing the enterprise in transition (Record no. 56403)

MARC details
000 -LEADER
fixed length control field 00838nam a2200217 a 4500
008 - FIXED-LENGTH DATA ELEMENTS--GENERAL INFORMATION
fixed length control field 071022s1998 ||||||||||||||||| || u
020 ## - INTERNATIONAL STANDARD BOOK NUMBER
International Standard Book Number 0821336584
050 ## - LIBRARY OF CONGRESS CALL NUMBER
Classification number IBRD(06)LR/1998/3
100 ## - MAIN ENTRY--PERSONAL NAME
Personal name Crum, Roy L
245 10 - TITLE STATEMENT
Title Restructuring and managing the enterprise in transition
Statement of responsibility, etc. Roy L. Crum; Itzhak Goldberg
260 ## - PUBLICATION, DISTRIBUTION, ETC.
Place of publication, distribution, etc. Washington, D. C.:
Name of publisher, distributor, etc. World Bank
Date of publication, distribution, etc. 1998
300 ## - PHYSICAL DESCRIPTION
Extent x, 411p. : ill.
350 ## - PRICE (NR) (BK AM CF MU VM SE) [OBSOLETE]
Price 0.00
490 ## - SERIES STATEMENT
Series statement EDI Learning Resources
650 ## - SUBJECT ADDED ENTRY--TOPICAL TERM
Topical term or geographic name entry element CORPORATIONS--EUROPE, EASTERN--FINANCE
650 ## - SUBJECT ADDED ENTRY--TOPICAL TERM
Topical term or geographic name entry element CORPORATIONS--FORMER SOVIET REPUBLICS--FINANCE
650 ## - SUBJECT ADDED ENTRY--TOPICAL TERM
Topical term or geographic name entry element PRIVATIZATION--EUROPE, EASTERN
700 ## - ADDED ENTRY--PERSONAL NAME
Personal name Goldberg, Itzhak
710 ## - ADDED ENTRY--CORPORATE NAME
Corporate name or jurisdiction name as entry element World Bank
995 ## - RECOMMENDATION 995 [LOCAL, UNIMARC FRANCE]
-- 0.00
-- CBU-MAIN LIBRARY (Kitwe)
-- 1
-- 0.00
-- 1
-- AVAILABLE
-- Oct 22, 2007
-- International Publications
Holdings
Withdrawn status Lost status Source of classification or shelving scheme Damaged status Not for loan Home library Current library Shelving location Date acquired Total Checkouts Full call number Barcode Date last seen Price effective from Koha item type
          CBU-MAIN LIBRARY, KITWE. CBU-MAIN LIBRARY, KITWE.   11/30/2022   IBRD(06)LR/1998/3 023590 11/30/2022 11/30/2022 MONOGRAPH